El desarrollo de las ideas en la sociedad argentina del siglo XX

Wedi'i Gadw mewn:
Manylion Llyfryddiaeth
Prif Awdur: Romero, José Luis (Awdur)
Fformat: Llyfr
Iaith:Sbaeneg
Cyhoeddwyd: Buenos Aires Ediciones Solar 1983
Cyfres:Biblioteca Dimensión Argentina
Pynciau:
Tagiau: Ychwanegu Tag
Dim Tagiau, Byddwch y cyntaf i dagio'r cofnod hwn!

MARC

LEADER 00000nam a2200000 a 4500
001 UCO3174
003 CL-VaPUC
008 000714e19830000AG |||||||||||||||||spa|d
082 0 4 |a 982.06  |b ROM  |2 21 
100 0 |a Romero, José Luis  |e author  |9 316760 
245 1 3 |a El desarrollo de las ideas en la sociedad argentina del siglo XX 
300 |a 230 p 
942 |c BK 
945 |d 20000714 00:00:00  |a rherrera 
260 |a Buenos Aires  |b Ediciones Solar  |c 1983 
650 7 |a HISTORIA DE ARGENTINA SIGLO 20  |2 CL-VaPUC  |9 332202 
650 0 |a Desarrollo cultural y social   |9 432209 
651 0 |a Argentina  |9 254888 
583 |a last modification  |c 20160912 05:02:05  |k Rodrigo Vera 
490 0 |a Biblioteca Dimensión Argentina 
999 |c 289644  |d 289642 
952 |0 0  |1 0  |4 0  |6 982_060000000000000_ROM_1983  |7 0  |8 A  |9 338214  |a BIBHIS  |b BIBHIS  |d 2019-11-20  |i 1299913  |o 982.06 ROM 1983  |p 1299913  |r 2025-01-20  |w 2019-11-20  |y BK  |k HIS